Nouveau dictionnaire d'économie politique

Gespeichert in:
Bibliographische Detailangaben
1. Verfasser: Say, M. Léon (VerfasserIn)
Format: Buch
Sprache:Französisch
Veröffentlicht: París Guillaumin 1900
Ausgabe:2a. ed
Schlagworte:
Tags: Tag hinzufügen
Keine Tags, Fügen Sie den ersten Tag hinzu!

MARC

LEADER 00000nam a2200000 a 4500
001 UCR4150
003 CL-VaPUC
008 980307e19000000FR |||||||||||||||||fre|d
082 0 4 |a 330.03  |b SAY  |2 21 
100 0 |a Say, M. Léon  |e author  |9 403830 
245 1 0 |a Nouveau dictionnaire d'économie politique 
250 |a 2a. ed 
300 |a 2 t 
942 |c BK 
945 |d 19980307 00:00:00  |a cmena 
260 |a París  |b Guillaumin  |c 1900 
500 |a t.1: A-H 
500 |a t.2: I-Z 
650 0 |a Economía política  |9 255814 
650 0 |a Política económica   |9 255029 
650 0 |a Diccionarios  |9 256200 
650 0 |a Glosarios  |9 261047 
583 |a last modification  |c 19980307 00:00:00  |k Rodrigo Vera 
999 |c 267101  |d 267099 
952 |0 0  |1 0  |4 0  |6 330_030000000000000_SAY_1900  |7 0  |8 X  |9 299270  |a BIBDER  |b BIBDER  |d 2019-11-20  |h t.1  |i 1957953  |o 330.03 SAY 1900  |p 1957953  |r 2023-01-25  |w 2019-11-20  |y BK_X  |k DER 
952 |0 0  |1 0  |4 0  |6 330_030000000000000_SAY_1900  |7 0  |8 X  |9 299271  |a BIBDER  |b BIBDER  |d 2019-11-20  |h t.2  |i 1957961  |o 330.03 SAY 1900  |p 1957961  |r 2023-01-25  |w 2019-11-20  |y BK_X  |k DER